书目信息 |
| 题名: |
工程财务管理
|
|
| 作者: | 项勇 , 卢立宇 , 魏瑶 主编 | |
| 分册: | ||
| 出版信息: | 北京 机械工业出版社 2019.6 |
|
| 页数: | 12,242页 | |
| 开本: | 26cm | |
| 丛书名: | 面向可持续发展的土建类工程教育丛书 | |
| 单 册: | ||
| 中图分类: | F407.967.2 | |
| 科图分类: | ||
| 主题词: | 建筑工程--jian zhu gong cheng--财务管理--高等教育--教材 | |
| 电子资源: | ||
| ISBN: | 978-7-111-62816-3 | |
| 000 | 01252oam2 2200301 450 | |
| 001 | 2161439969 | |
| 005 | 20211003084031.97 | |
| 010 | @a978-7-111-62816-3@dCNY39.80 | |
| 100 | @a20200408d2019 em y0chiy50 ea | |
| 101 | 0 | @achi |
| 102 | @aCN@b110000 | |
| 105 | @ay z 000yy | |
| 106 | @ar | |
| 200 | 1 | @a工程财务管理@Agong cheng cai wu guan li@f项勇,卢立宇,魏瑶主编 |
| 205 | @a2版 | |
| 210 | @a北京@c机械工业出版社@d2019.6 | |
| 215 | @a12,242页@d26cm | |
| 225 | 2 | @a面向可持续发展的土建类工程教育丛书@Amian xiang ke chi xu fa zhan de tu jian lei gong cheng jiao yu cong shu |
| 300 | @a“十三五”国家重点出版物出版规划项目 普通高等教育工程造价类专业“十三五”系列规划教材 | |
| 330 | @a本书主要内容包括:财务会计基础、工程财务管理概论、工程营运资产管理、工程收入与成本管理、税金与利润管理、工程财务报表与分析、工程项目融资管理、工程项目财务风险管理、工程资金规划与控制、企业财务预警管理。 | |
| 461 | 0 | @12001 @a面向可持续发展的土建类工程教育丛书 |
| 606 | 0 | @a建筑工程@Ajian zhu gong cheng@x财务管理@x高等教育@j教材 |
| 690 | @aF407.967.2@v5 | |
| 701 | 0 | @a项勇@Axiang yong@4主编 |
| 701 | 0 | @a卢立宇@Alu li yu@4主编 |
| 701 | 0 | @a魏瑶@Awei yao@4主编 |
| 801 | 0 | @aCN@b百万庄@c20210928 |
| 905 | @b1302370-73@dF407.967.2@e232=2@f4 | |
| 工程财务管理/项勇,卢立宇,魏瑶主编.-2版.-北京:机械工业出版社,2019.6 |
| 12,242页;26cm.-(面向可持续发展的土建类工程教育丛书) |
| “十三五”国家重点出版物出版规划项目 普通高等教育工程造价类专业“十三五”系列规划教材 |
| ISBN 978-7-111-62816-3:CNY39.80 |
| 本书主要内容包括:财务会计基础、工程财务管理概论、工程营运资产管理、工程收入与成本管理、税金与利润管理、工程财务报表与分析、工程项目融资管理、工程项目财务风险管理、工程资金规划与控制、企业财务预警管理。 |
| ● |
| 相关链接 |
|
|
|
|
正题名:工程财务管理
索取号:F407.967.2/232=2
 
预约/预借
| 序号 | 登录号 | 条形码 | 馆藏地/架位号 | 状态 | 备注 |
| 1 | 1302370 | 213023707 | 第一样本阅览室/ [索取号:F407.967.2/232=2] | 在馆 | |
| 2 | 1302371 | 213023716 | 第一借阅区/ [索取号:F407.967.2/232=2] | 在馆 | |
| 3 | 1302372 | 213023725 | 第一借阅区/ [索取号:F407.967.2/232=2] | 在馆 | |
| 4 | 1302373 | 213023734 | 第一借阅区/ [索取号:F407.967.2/232=2] | 在馆 |